Administre el conocimiento

Salvato in:
Dettagli Bibliografici
Autori principali: Probst, Gilbert (Autore), Raub, Steffen (Autore), Romhardt, Kai (Autore)
Natura: Libro
Lingua:spagnolo
Pubblicazione: Ciudad de México Pearson Educación 2001
Edizione:1a. ed
Soggetti:
Tags: Aggiungi Tag
Nessun Tag, puoi essere il primo ad aggiungerne!!

MARC

LEADER 00000nam a2200000 a 4500
001 UCI7379
003 CL-VaPUC
008 080626e20010000MX |||||||||||||||||spa|d
020 |a 970260043X 
082 0 4 |a 658.406  |b PRO  |2 21 
100 0 |a Probst, Gilbert  |e author  |9 530586 
700 0 |a Raub, Steffen  |e author  |9 530587 
700 0 |a Romhardt, Kai  |e author  |9 530588 
245 1 0 |a Administre el conocimiento 
250 |a 1a. ed 
300 |a 359 p 
942 |c BK 
945 |d 20080626 00:00:00  |a jtorresc 
260 |a Ciudad de México  |b Pearson Educación  |c 2001 
650 0 |a Aprendizaje organizacional  |9 263803 
650 0 |a Tecnología de la información   |9 254825 
650 0 |a Sociedad del conocimiento  |9 464837 
650 0 |a Gestión administrativa  |9 375217 
650 0 |a Comportamiento organizacional   |9 311858 
650 0 |a Gestión administrativa  |9 375217 
583 |a last modification  |c 20080626 00:00:00  |k Rodrigo Vera 
999 |c 330674  |d 330672 
952 |0 0  |1 0  |4 0  |6 658_406000000000000_PRO_2001  |7 0  |8 A  |9 416370  |a BIBGIM  |b BIBGIM  |d 2019-11-22  |i 4453034  |o 658.406 PRO 2001  |p 4453034  |r 2025-01-15  |w 2019-11-22  |y BK  |k COM 
952 |0 0  |1 0  |4 0  |6 658_406000000000000_PRO_2001  |7 0  |8 A  |9 416371  |a BIBGIM  |b BIBGIM  |d 2019-11-22  |i 4453042  |o 658.406 PRO 2001  |p 4453042  |r 2025-01-15  |w 2019-11-22  |y BK  |k COM